|
|
|
|
| LEADER |
01008nam a2200253 i 4500 |
| 001 |
c000146430 |
| 003 |
CARM |
| 005 |
00000000000000.0 |
| 008 |
800621s1980 enkaf b 00000 eng |
| 015 |
|
|
|a GB***
|
| 019 |
1 |
|
|a 1915566
|z 21951311
|z 58057835
|z 61016059
|5 LACONCORD2021
|
| 020 |
|
|
|a 029777770X :
|c L.8.50
|
| 035 |
|
|
|a (OCoLC)7012178
|5 LACONCORD2021
|
| 050 |
0 |
0 |
|a GT129
|b .G46 1980
|
| 245 |
0 |
0 |
|a Genius in the drawing-room :
|b the literary salon in the nineteenth and twentieth centuries /
|c edited by Peter Quennell.
|
| 260 |
|
|
|a London :
|b Weidenfeld & Nicolson,
|c 1980.
|
| 300 |
|
|
|a 188 p., [8] leaves of plates :
|b ill. ;
|c 24 cm.
|
| 504 |
|
|
|a Includes bibliographical references.
|
| 650 |
|
0 |
|a Salons.
|
| 700 |
1 |
|
|a Quennell, Peter,
|d 1905-
|
| 852 |
8 |
|
|b CARM
|h A2:AG21F0
|i C01694
|p 0085266
|f BK
|
| 082 |
0 |
4 |
|a 809
|2 19
|
| 999 |
f |
f |
|i 5ad75628-b9fd-5c21-9098-03c78f583bd6
|s 0154c8a9-8569-5b51-ad26-05de3436035a
|
| 952 |
f |
f |
|p Can circulate
|a CAVAL
|b CAVAL
|c CAVAL
|d CARM 1 Store
|e C01694
|f A2:AG21F0
|h Other scheme
|i book
|m 0085266
|